| 000 | 01573nam a2200277 4500 | ||
|---|---|---|---|
| 040 | _cNSHS | ||
| 082 |
_a297.63 _bSIR |
||
| 100 | 1 |
_aSīrīn, Imām Muḥammad bin _9130014 |
|
| 245 | 1 |
_aTaʻbīr al-ruʾyā / _cMuṣannifah Allamah Muḥammad ibn Sīrīn mutarjam Sayyid Ḥabīb Aḥmad Hāshmī |
|
| 246 | _aTabir al-ruya / | ||
| 246 | _aTabeer al-ruya | ||
| 246 | _atabirrarruya | ||
| 260 |
_aKarāchī: _bMadīnah Pablishing Company; _c[n.d.] |
||
| 300 | _a224 Pages | ||
| 500 | _aDC010725 | ||
| 500 | _aReligion | ||
| 520 | _aTaʻbīr al-Ruʾyā is a classical Islamic text on dream interpretation, attributed to the renowned 8th-century Muslim scholar Muḥammad ibn Sīrīn. This Urdu translation by Syed Habib Ahmed Hashmi presents a detailed and accessible guide to understanding and interpreting dreams in light of Islamic teachings. The book categorizes various types of dreams, symbolic representations, and their meanings, drawing upon prophetic traditions, Qur’anic references, and the wisdom of early Islamic scholars. It serves as a valuable resource for scholars, students, and general readers interested in the spiritual and psychological aspects of dreams in Islam. | ||
| 546 | _aIn Urdu. | ||
| 650 | 0 |
_aDreams _xReligious aspects _xIslam _9130237 |
|
| 650 | 0 |
_aIslam _xDoctrines _91634 |
|
| 650 | 0 |
_aOneiromancy _xReligious aspects _xIslam _9130238 |
|
| 650 | 0 |
_aDream interpretation _xIslamic literature _9130239 |
|
| 700 | 1 |
_aHāshmī, Sayyid Ḥabīb Aḥmad _9130240 |
|
| 942 |
_2ddc _cBK |
||
| 999 |
_c614443 _d614443 |
||